Vorlesung über Die gesamte Philosophie oder die Lehre vom Wesen der Welt und dem menschlichen Geiste, 2. Teil: Metaphysik der Natur.

Sparad:
Bibliografiska uppgifter
Huvudupphovsman: Schopenhauer, Arthur 1788-1860 (autor)
Materialtyp: Okänd
Språk:engelska
Publicerad: Meiner Felix Verlag 2019
Taggar: Lägg till en tagg
Inga taggar, Lägg till första taggen!

MARC

LEADER 00000 a2200000 4500
003 CL-VaPUC
005 20240905152159.0
008 240905b ||||| |||| 00| 0 eng d
999 |c 434845  |d 434843 
020 |a 9783787331772 
040 |c Pontificia Universidad Católica de Valparaíso 
100 |a Schopenhauer, Arthur   |e autor  |d 1788-1860  |9 867193 
245 |a Vorlesung über Die gesamte Philosophie oder die Lehre vom Wesen der Welt und dem menschlichen Geiste, 2. Teil: Metaphysik der Natur. 
260 |b Meiner Felix Verlag  |c 2019 
583 |k Sebastián Perez  |c 20240905 
942 |2 ddc  |c BK  |n 1